Численное исследование деформации и разрушения горных пород под действием жесткого штампа; Известия Томского политехнического университета [Известия ТПУ]; Т. 315, № 1: Науки о Земле

Bibliografiset tiedot
Parent link:Известия Томского политехнического университета [Известия ТПУ]/ Томский политехнический университет (ТПУ).— , 2000-
Т. 315, № 1: Науки о Земле.— 2009.— [С. 77-81]
Päätekijä: Стефанов Ю. П. Юрий Павлович
Muut tekijät: Евсеев В. Д. Виктор Дмитриевич
Yhteenveto:Заглавие с титульного листа
Электронная версия печатной публикации
Рассмотрено формирование зон локализации деформации в плотных и пористых горных породах при вдавливании жесткого штампа. Показано, что в плотных породах полосы локализованного сдвига распространяются вглубь образца. При этом формируются крупные фрагменты материала. В пористых материалах под штампом образуется зона уплотненной, мелко раздробленной породы, а глубина проникновения полос локализованного сдвига существенно меньше.
Kieli:venäjä
Julkaistu: 2009
Sarja:Технология и техника геологоразведочных работ
Aiheet:
Linkit:http://www.lib.tpu.ru/fulltext/v/Bulletin_TPU/2009/v315/i1/11.pdf
Aineistotyyppi: Elektroninen Kirjan osa
KOHA link:https://koha.lib.tpu.ru/cgi-bin/koha/opac-detail.pl?biblionumber=176158

MARC

LEADER 00000nla2a2200000 4500
001 176158
005 20231101223247.0
035 |a (RuTPU)RU\TPU\book\190982 
035 |a RU\TPU\book\190981 
090 |a 176158 
100 |a 20100224d2009 k y0rusy50 ca 
101 0 |a rus 
102 |a RU 
135 |a drnn ---uucaa 
181 0 |a i  
182 0 |a b 
200 1 |a Численное исследование деформации и разрушения горных пород под действием жесткого штампа  |b Электронный ресурс  |f Ю. П. Стефанов, В. Д. Евсеев 
203 |a Текст  |c электронный 
215 |a 1 файл (283 Кб) 
225 1 |a Технология и техника геологоразведочных работ 
230 |a Электронные текстовые данные (1 файл : 283 Кб) 
300 |a Заглавие с титульного листа 
300 |a Электронная версия печатной публикации 
320 |a [Библиогр.: с. 81 (14 назв.)] 
330 |a Рассмотрено формирование зон локализации деформации в плотных и пористых горных породах при вдавливании жесткого штампа. Показано, что в плотных породах полосы локализованного сдвига распространяются вглубь образца. При этом формируются крупные фрагменты материала. В пористых материалах под штампом образуется зона уплотненной, мелко раздробленной породы, а глубина проникновения полос локализованного сдвига существенно меньше. 
337 |a Adobe Reader 
461 1 |0 (RuTPU)RU\TPU\book\176237  |t Известия Томского политехнического университета [Известия ТПУ]  |f Томский политехнический университет (ТПУ)  |d 2000- 
463 1 |0 (RuTPU)RU\TPU\book\190906  |x 1684-8519  |t Т. 315, № 1: Науки о Земле  |v [С. 77-81]  |d 2009  |p 114 с. 
610 1 |a горные породы 
610 1 |a численное моделирование 
610 1 |a деформация 
610 1 |a локализация 
610 1 |a дилатансия 
610 1 |a уплотнение 
610 1 |a жесткий штамп 
610 1 |a труды учёных ТПУ 
610 1 |a электронный ресурс 
700 1 |a Стефанов  |b Ю. П.  |c инженер  |c кафедра бурения скважин Томского политехнического университета  |g Юрий Павлович  |2 stltpush  |3 (RuTPU)RU\TPU\pers\25762  |9 11656 
701 1 |a Евсеев  |b В. Д.  |c горный инженер  |c профессор Томского политехнического университета  |f 1947-  |g Виктор Дмитриевич  |2 stltpush  |3 (RuTPU)RU\TPU\pers\26127 
801 1 |a RU  |b 63413507  |c 20090623  |g PSBO 
801 2 |a RU  |b 63413507  |c 20211216  |g PSBO 
856 4 |u http://www.lib.tpu.ru/fulltext/v/Bulletin_TPU/2009/v315/i1/11.pdf 
942 |c CF